Una rebelión cívica : (Record no. 51532)

MARC details
000 -LEADER
campo de control de longitud fija 01184cam a2200337Ia 4500
001 - NÚMERO DE CONTROL
campo de control 55317
005 - FECHA Y HORA DE LA ÚLTIMA TRANSACCIÓN
campo de control 20230410120753.0
008 - DATOS DE LONGITUD FIJA--INFORMACIÓN GENERAL
campo de control de longitud fija 080213s2007 sp a 001 0 spa
035 ## - NÚMERO DE CONTROL DEL SISTEMA
Número de control de sistema (OCoLC)ocn192009783
040 ## - FUENTE DE CATALOGACIÓN
Centro catalogador/agencia de origen UV0
Centro/agencia transcriptor UV0
020 ## - NÚMERO INTERNACIONAL ESTÁNDAR DEL LIBRO
Número Internacional Estándar del Libro 9788497346726
020 ## - NÚMERO INTERNACIONAL ESTÁNDAR DEL LIBRO
Número Internacional Estándar del Libro 8497346726
035 ## - NÚMERO DE CONTROL DEL SISTEMA
Número de control de sistema (OCoLC)192009783
043 ## - CÓDIGO DE ÁREA GEOGRÁFICA
Código de área geográfica e-sp---
050 14 - SIGNATURA TOPOGRÁFICA DE LA BIBLIOTECA DEL CONGRESO
Número de clasificación HV 6433
Número de ítem A348r 2007
100 1# - ENTRADA PRINCIPAL--NOMBRE DE PERSONA
Nombre de persona Alcaraz Martos, Francisco José.
245 14 - MENCIÓN DEL TÍTULO
Título Una rebelión cívica :
Resto del título memorias del presidente de la Asociación de Víctimas del Terrorismo (AVT) /
Mención de responsabilidad, etc. Francisco José Alcaraz ; prólogo César Vidal.
250 ## - MENCION DE EDICION
Mención de edición 1a ed.
260 ## - PUBLICACIÓN, DISTRIBUCIÓN, ETC.
Lugar de publicación, distribución, etc. Madrid :
Nombre del editor, distribuidor, etc. Esfera de los Libros,
Fecha de publicación, distribución, etc. 2007.
300 ## - DESCRIPCIÓN FÍSICA
Extensión 347 p. :
Otras características físicas col. ill. ;
Dimensiones 24 cm.
504 ## - NOTA DE BIBLIOGRAFÍA, ETC.
Nota de bibliografía, etc. Includes index.
610 20 - PUNTO DE ACCESO ADICIONAL DE MATERIA--NOMBRE DE ENTIDAD CORPORATIVA
Nombre de entidad corporativa o nombre de jurisdicción como elemento de entrada Asociación de Víctimas del Terrorismo
Subdivisión general History.
650 #0 - PUNTO DE ACCESO ADICIONAL DE MATERIA--TÉRMINO DE MATERIA
Término de materia o nombre geográfico como elemento de entrada Terrorism
Subdivisión geográfica Spain
Subdivisión general Prevention.
650 #0 - PUNTO DE ACCESO ADICIONAL DE MATERIA--TÉRMINO DE MATERIA
Término de materia o nombre geográfico como elemento de entrada Victims of terrorism
Subdivisión geográfica Spain
Subdivisión general Societies, etc.
Subdivisión de forma Case studies.
610 20 - PUNTO DE ACCESO ADICIONAL DE MATERIA--NOMBRE DE ENTIDAD CORPORATIVA
Nombre de entidad corporativa o nombre de jurisdicción como elemento de entrada ETA (Organization)
600 10 - PUNTO DE ACCESO ADICIONAL DE MATERIA--NOMBRE DE PERSONA
Nombre de persona Alcaraz, Francisco José,
Fechas asociadas al nombre 1968-
856 42 - LOCALIZACIÓN Y ACCESO ELECTRÓNICOS
Materiales especificados Más?... busque en WorldCat (solo desde FUNGLODE)
Identificador Uniforme de Recursos <a href="www.firstsearch.oclc.org/fsip">www.firstsearch.oclc.org/fsip</a>
942 ## - ELEMENTOS DE ENTRADA SECUNDARIOS (KOHA)
Fuente del sistema de clasificación o colocación Clasificación de Library of Congress
Tipo de ítem Koha
946 ## - PROCESAMIENTO DE INFORMACIÓN LOCAL (OCLC)
a mfcruz
994 ## -
-- C0
-- DRFGD
Holdings
Estatus retirado Estado de pérdida Fuente del sistema de clasificación o colocación Estado de daño No para préstamo Colección Biblioteca de origen Biblioteca actual Ubicación en estantería Fecha de adquisición Serial enumeration / chronology Signatura topográfica completa Código de barras Visto por última vez Copia número Tipo de ítem Koha
    Clasificación de Library of Congress     Ciencias Sociales Biblioteca Juan Bosch Biblioteca Juan Bosch Ciencias Sociales (3er. Piso) 10/04/2023 1 HV 6433 A348r 2007 00000057553 24/10/2018 1